|
|
|
|
| LEADER |
00000nam a2200000 a 4500 |
| 001 |
vtls001325871 |
| 003 |
SK-MaSNL |
| 005 |
20260301005558.0 |
| 008 |
240226s1717 xo lat |
| 015 |
|
|
|a SNBHFA1717
|
| 035 |
|
|
|a urn:nbn:sk:snk-am00fex9
|
| 035 |
|
|
|a urn:nbn:sk:snk-am3irc1
|
| 035 |
|
|
|a 68CF55CF-18E8-449F-9673-66C98CA9E4B4
|
| 040 |
|
|
|a SNK
|b slo
|c SNK
|e AACR2
|
| 041 |
0 |
|
|a lat
|
| 044 |
|
|
|a xo
|c SK
|
| 072 |
|
7 |
|a 27
|x Kresťanstvo. Kresťanská cirkev všeobecne. Ekleziológia
|2 konspekt
|
| 080 |
|
|
|a 27
|2 2011
|
| 130 |
0 |
|
|a Ecclesia
|9 290090
|
| 245 |
1 |
0 |
|a Ecclesia Toto Terrarum Orbe
|b De Idolatria, Haeresi, Schismate, In Ortu, Et Progressu, Ad Primisinitiis Ad Nostra Tempora. Inter Mille rerum Discrimina Triumphans ; In Alma Episcopali Universitate Cassoviensi primamacciperent Lauream, Oblata A. DD. Theologicis Condiscipulis
|n Pars I. Et II.
|c Honori reverendorum, Nobilium, Excellentium, ac Doctissimorum Dominorum Dominorum AA. LL. & Philosophiae Magistrorum SS. Theologiae Baccalaureorum Formatorum. Cum per Reverendum ac Clarissimorum Patrem Franciscum Csepeleny é Soc. jesu SS. Theol. Doct. ejusdémque Profess. Ord. nec non Inclytae Fac. Theol. Decanum Spectabilem
|
| 260 |
|
|
|a Tyrnaviae
|b Typis Acad. per Frid. Gall
|c 1717
|
| 300 |
|
|
|a [12], 104 [správne 204] s.
|c 13 cm
|
| 500 |
|
|
|a Ozdobné linky. Ozdobná iniciála. Vinety. typografické ozdoby. Zložky. Kustody
|
| 504 |
|
|
|a Venovanie
|
| 508 |
|
|
|a Zoznam bakalárov: Adalbertus Szucsi, Andreas Philippi, Daniel Kilian, Emericus Sidlovszki, Georgius Hazi,Georgius Sebestyén, Georgius Szelaki, Joannes Sandor, Sebastianus Cervus
|
| 650 |
0 |
7 |
|a kresťanstvo
|2 SNKPH
|9 2024
|
| 655 |
|
7 |
|a vzťahy
|2 SNKPH
|9 89615
|
| 700 |
1 |
|
|a Csepeleny, Franciscus
|4 oth
|9 290091
|
| 700 |
1 |
|
|a Szucsi, Adalbertus
|4 oth
|9 290092
|
| 700 |
1 |
|
|a Philippi, Andreas
|4 oth
|9 290093
|
| 700 |
1 |
|
|a Kilian, Daniel
|4 oth
|9 290094
|
| 700 |
1 |
|
|a Sidlovszki, Emericus
|4 oth
|9 290095
|
| 700 |
1 |
|
|a Hazi, Georgius
|4 oth
|9 290096
|
| 700 |
1 |
|
|a Sebestyen, Georgius
|4 oth
|9 290097
|
| 700 |
1 |
|
|a Szelaki, Georgius
|4 oth
|9 290098
|
| 700 |
1 |
|
|a Sandor, Joannes
|4 oth
|9 290099
|
| 700 |
1 |
|
|a Cervus, Sebastianus
|4 oth
|9 290100
|
| 700 |
1 |
|
|a Gall, Fridrich Anton,
|d činný 18. storočie
|4 bkp
|9 168309
|
| 710 |
2 |
|
|a Akademická tlačiareň (Trnava, Slovensko)
|4 prt
|9 232890
|
| 752 |
|
|
|a Slovensko
|d Trnava
|
| 958 |
|
|
|a ONDV
|
| 999 |
|
|
|c 545571
|d 547501
|
| 952 |
|
|
|t P60, <03>, [BOOK], {603}
|a SNK
|b SNK
|y PREZ
|7 0
|p 17A0099580
|o snkSE 1306
|i snkKSF 860/56
|8 5
|0 0
|1 0
|4 0
|d 1998-03-25
|f 1
|l 0
|r 2005-01-02 00:00:00
|w 2026-02-23
|